Statistics for Top 15 Countries with Covid-19 Deaths - 25 Apr 2021

Click here to take the quiz!

General Stats

  • This quiz has been taken 7 times
  • The average score is 13 of 24

Answer Stats

country% Correct
India
100%
United Kingdom
100%
United States
100%
Brazil
86%
Iran
71%
Italy
71%
Mexico
71%
Russia
71%
France
57%
Germany
57%
Spain
57%
Argentina
43%
Belgium
43%
Colombia
43%
Croatia
43%
Czechia
43%
Poland
43%
Slovakia
43%
Slovenia
43%
Bosnia and
Herzegovina
29%
Bulgaria
29%
Hungary
29%
Peru
29%
North Macedonia
14%

Score Distribution

Percentile by Number Answered

Percent of People with Each Score

Your Score History

You have not taken this quiz